00863nam a2200205 a 450000100100000000500170001000800410002704000250006808200140009310000300010724501020013726000400023930000270027965000330030665000460033970000290038595201110041495201170052599900150064200000718720200929154105.0090907s1977 dr a 001 0 spa d aDO-SdBNPbspacBNPHU a421bG2411 aGarrido, Priscilla91995210aBasic english for students of electricity and electronics /cPriscilla Garrido, John Rodríguez. aSanto Domingo :bLa Isabela,c1977. a152 p. :bil ;c22 cm. 4aInglésxEnseñanza912229 4aInglésxLibros de conversación9199531 aRodríguez, John919954 0010718PDaPDbPDcCTd2009-09-07iLF1l0o421 G241p7187-10r2020-06-25w2020-06-25yLFPDZNo se presta 0010718PDaPDbPDcCTd2009-09-16iLF1l0o421 G241p7187-30r2020-06-25te. 2w2020-06-25yLFPDZNo se presta c6968d6968